000
00302nam a2200097Ia 4500
001
1281414
005
20260417163148.0
008
260417s9999 xx 000 0 und d
245
0
_a
DÜNYAYI GEZİYORUM-2 ŞİRİN GÜLLÜK GÜLİSTAN HİNDİSTAN
_c
BİRSEN EKİM ÖZEN
260
_b
TİMAŞ ÇOCUK YAYINLARI
999
_c
1281414
_d
1281414